草加市の町名 - Statistics

General Stats
  • This quiz has been taken 34 times
  • The average score is 18 of 42
Answers on the Map
Answers color-coded by a green-red scale on the quiz's map according to % correct below.
 
Answer Stats
町名 % Correct
草加
83%
松原
74%
谷塚
74%
新栄
57%
西町
57%
青柳
52%
柿木町
52%
遊馬町
48%
瀬崎
48%
新里町
48%
氷川町
48%
谷塚仲町
48%
柳島町
48%
旭町
43%
学園町
43%
金明町
43%
中央
43%
長栄
43%
谷塚町
43%
谷塚上町
43%
北谷
39%
栄町
39%
神明
39%
清門
39%
高砂
39%
原町
39%
松江
39%
吉町
39%
両新田西町
39%
両新田東町
39%
稲荷
35%
新善町
35%
住吉
35%
手代
35%
花栗
35%
八幡町
35%
青柳町
30%
中根
30%
小山
26%
苗塚町
26%
弁天
26%
北谷町
22%
No matching quizzes found
Score Distribution
Percent of People with Each Score
Percentile by Number Answered
Your Score History
You have not taken this quiz